[Event "TCh-TUR 2011"]
[Site "Konya TUR"]
[Date "2011.07.06"]
[Round "10"]
[White "Yurtseven, Can"]
[Black "Kanmazalp, Ogulcan"]
[Result "0-1"]
[WhiteTitle "FM"]
[BlackTitle "IM"]
[WhiteElo "2330"]
[BlackElo "2404"]
[WhiteTeam "Isek Aquamatch S.K."]
[BlackTeam "Yapi Kredi Spor Kulubu"]
[WhiteFideId "6300081"]
[BlackFideId "6304990"]
[EventDate "2011.06.28"]

1. Nf3 Nf6 2. d4 g6 3. Bf4 Bg7 4. Nbd2 O-O 5. e3 d6 6. h3 Nfd7 7. Be2 e5 8. Bg5
Qe8 9. O-O Nc6 10. c3 h6 11. Bh4 g5 12. Bg3 f5 13. Ne1 f4 14. Bh2 exd4 15. exd4
Nf6 16. Kh1 Kh8 17. Bd3 g4 18. Bxf4 gxh3 19. Be2 Ne7 20. Bh2 Ng6 21. g3 Bd7 22.
f4 Bc6+ 23. Bf3 Ng4 24. Nc2 Ne7 25. Nc4 Qg6 26. N4e3 h5 27. d5 Bd7 28. Qd2 Rae8
29. Rae1 Nf5 30. Nxf5 Bxf5 31. Nd4 Bd3 32. Rxe8 Rxe8 33. Re1 Bxd4 34. cxd4 Be4
35. Bxe4 Rxe4 36. Bg1 Qe8 0-1

[Event "TCh-TUR 2011"]
[Site "Konya TUR"]
[Date "2011.07.06"]
[Round "10"]
[White "Yurtseven, Melih"]
[Black "Baglan, Esat"]
[Result "1/2-1/2"]
[WhiteElo "2050"]
[BlackElo "1807"]
[WhiteTeam "Yapi Kredi Spor Kulubu"]
[BlackTeam "Isek Aquamatch S.K."]
[WhiteFideId "6312160"]
[BlackFideId "6309216"]
[EventDate "2011.06.28"]

1. e4 c5 2. b4 cxb4 3. a3 d5 4. exd5 Qxd5 5. Bb2 Nf6 6. Nf3 e6 7. Bd3 Be7 8.
axb4 O-O 9. Nc3 Qd8 10. b5 b6 11. O-O Bb7 12. Ne5 Qc7 13. Qe1 Nbd7 14. Nxd7 Nxd7
15. Be4 Bf6 16. Bxb7 Qxb7 17. Qe3 a6 18. Rab1 a5 19. d4 Rac8 20. Ba3 Rfd8 21.
Rbc1 Nf8 22. Rfd1 Rc4 23. Ne4 Be7 24. Bb2 e5 25. c3 Ne6 26. Qf3 Qd5 27. Nd2 Qxf3
28. Nxf3 exd4 29. Ne5 Rc7 30. cxd4 Rxc1 31. Rxc1 Bf6 32. Kf1 h5 33. Nc4 Bxd4 34.
Bxd4 Nxd4 35. Rd1 Kf8 36. Nxb6 Ke8 37. Nc4 Nxb5 38. Re1+ Kf8 39. Nxa5 Rd2 40.
Nc4 1/2-1/2

[Event "TCh-TUR 2011"]
[Site "Konya TUR"]
[Date "2011.07.06"]
[Round "10"]
[White "Arat, Ufuk Sezen"]
[Black "Ozen, Bahadir"]
[Result "1-0"]
[WhiteElo "2053"]
[BlackElo "1751"]
[WhiteTeam "Yapi Kredi Spor Kulubu"]
[BlackTeam "Isek Aquamatch S.K."]
[WhiteFideId "6309089"]
[BlackFideId "6337058"]
[EventDate "2011.06.28"]

1. e4 e5 2. Nf3 Nc6 3. Bb5 a6 4. Ba4 Nf6 5. O-O Be7 6. Re1 b5 7. Bb3 d6 8. c3
O-O 9. h3 Na5 10. d4 c5 11. d5 Qc7 12. Bc2 Re8 13. b3 g6 14. g4 Bf8 15. Nbd2 Bd7
16. Nf1 h5 17. N3h2 Bg7 18. Qf3 c4 19. Kh1 Nb7 20. b4 a5 21. Ng3 h4 22. Nf5 gxf5
23. gxf5 Kh8 24. Ng4 Rg8 25. Nxf6 1-0

[Event "TCh-TUR 2011"]
[Site "Konya TUR"]
[Date "2011.07.06"]
[Round "10"]
[White "Yigit, Aleyna"]
[Black "Keskin, Suara"]
[Result "0-1"]
[WhiteElo "1732"]
[BlackElo "1693"]
[WhiteTeam "Isek Aquamatch S.K."]
[BlackTeam "Yapi Kredi Spor Kulubu"]
[WhiteFideId "6300235"]
[BlackFideId "6332650"]
[EventDate "2011.06.28"]

1. e4 d6 2. d4 Nf6 3. Nc3 g6 4. Be3 Bg7 5. f3 O-O 6. Qd2 c6 7. g4 b5 8. Nce2 e5
9. Bh6 Nxe4 10. fxe4 Qh4+ 11. Ng3 Bxh6 12. Qf2 Bxg4 13. h3 Bf4 14. hxg4 Qxg3 15.
Ne2 Qxf2+ 16. Kxf2 Bg5 17. c3 Nd7 18. a4 a6 19. Ng3 exd4 20. cxd4 Bf6 21. Ke3 b4
22. Bg2 Rac8 23. Rad1 Rfd8 24. Rhf1 c5 25. Ne2 cxd4+ 26. Nxd4 Bg5+ 27. Ke2 Ne5
28. Bh3 Nc4 29. Nf3 Nxb2 30. Nxg5 Nxd1 31. Rxd1 b3 32. Rb1 Rc3 33. Nf3 Rdc8 34.
Rf1 Rc1 35. Rxc1 Rxc1 36. Nd2 b2 37. Bf1 Rc2 38. Kd1 Rxd2+ 39. Kxd2 b1=Q 0-1

[Event "TCh-TUR 2011"]
[Site "Konya TUR"]
[Date "2011.07.06"]
[Round "10"]
[White "Mamedov, Nidjat"]
[Black "Savchenko, Boris"]
[Result "1-0"]
[WhiteTitle "GM"]
[BlackTitle "GM"]
[WhiteElo "2587"]
[BlackElo "2630"]
[WhiteTeam "Mersin Ezgi Satranc Kulubu"]
[BlackTeam "Manisa Doruk Koleji S.K."]
[WhiteFideId "13400819"]
[BlackFideId "4147332"]
[EventDate "2011.06.28"]

1. e4 e6 2. d4 d5 3. Nc3 Bb4 4. e5 c5 5. a3 Bxc3+ 6. bxc3 Ne7 7. h4 Nbc6 8. h5
h6 9. Nf3 Qa5 10. Bd2 cxd4 11. cxd4 Qa4 12. Rh4 b6 13. Rg4 Rg8 14. Qb1 Ba6 15.
Qb3 Qxb3 16. cxb3 Bxf1 17. Kxf1 Kd7 18. Ke2 a5 19. Rb1 f6 20. Kd3 fxe5 21. Nxe5+
Nxe5+ 22. dxe5 g5 23. g3 Raf8 24. f4 Rf5 25. Be3 b5 26. Rc1 gxf4 27. Rxg8 fxe3
28. g4 Rxe5 29. Rg7 Kd6 30. Re1 d4 31. Kxd4 e2 32. Rh7 Nd5 33. Rd7+ 1-0

[Event "TCh-TUR 2011"]
[Site "Konya TUR"]
[Date "2011.07.06"]
[Round "10"]
[White "Erturan, Yakup"]
[Black "Mirzoev, Azer"]
[Result "1/2-1/2"]
[WhiteTitle "IM"]
[BlackTitle "GM"]
[WhiteElo "2346"]
[BlackElo "2481"]
[WhiteTeam "Manisa Doruk Koleji S.K."]
[BlackTeam "Mersin Ezgi Satranc Kulubu"]
[WhiteFideId "6301410"]
[BlackFideId "13400304"]
[EventDate "2011.06.28"]

1. e4 e5 2. Nf3 Nc6 3. Bb5 a6 4. Ba4 d6 5. c3 Nf6 6. d3 Be7 7. Nbd2 O-O 8. Nf1
b5 9. Bc2 Re8 10. Ng3 h6 11. O-O Bf8 12. d4 Bg4 13. d5 Ne7 14. h3 Bd7 15. b3 c6
16. c4 Ng6 17. Ne2 Be7 18. Be3 Qb8 19. Qd2 Rc8 20. Bd3 Bd8 21. a4 Bb6 22. Kh2
Bxe3 23. Qxe3 Nh5 24. dxc6 Bxc6 25. axb5 axb5 26. Rxa8 Bxa8 27. cxb5 d5 28. Ng3
Nxg3 29. fxg3 dxe4 30. Bxe4 Bxe4 31. Qxe4 Qxb5 32. Re1 Rb8 33. Re3 Qc5 34. Rd3
Qe7 35. Qf5 Qf6 36. Qxf6 gxf6 37. Nd2 f5 38. Nc4 Kg7 39. Rf3 f6 40. Ne3 Ne7 41.
Nxf5+ Nxf5 42. Rxf5 Rxb3 43. Rf3 Rb2 44. Ra3 h5 45. Ra4 Kg6 46. Kg1 Kf5 47. Kf1
Rb3 48. Kf2 Rb2+ 49. Kf3 Rb3+ 50. Kf2 Rb2+ 51. Kf3 1/2-1/2

[Event "TCh-TUR 2011"]
[Site "Konya TUR"]
[Date "2011.07.06"]
[Round "10"]
[White "Shimanov, Aleksandr"]
[Black "Bolat, Ahmet"]
[Result "1/2-1/2"]
[WhiteTitle "GM"]
[WhiteElo "2583"]
[BlackElo "2074"]
[WhiteTeam "Manisa Doruk Koleji S.K."]
[BlackTeam "Mersin Ezgi Satranc Kulubu"]
[WhiteFideId "4198603"]
[BlackFideId "6327923"]
[EventDate "2011.06.28"]

1. e4 e6 2. Qe2 c5 3. Nf3 Nc6 4. c3 Nf6 5. g3 d5 6. d3 Be7 7. Bg2 b6 8. e5 Nd7
9. Na3 O-O 10. O-O Re8 11. Bf4 Ba6 12. h4 f6 13. exf6 Bxf6 14. Nh2 Nde5 15. Rad1
Qd7 16. Rfe1 Rad8 17. Bh3 Bc8 18. h5 Qe7 19. Nc2 Nf7 20. Bc1 e5 21. Bg2 Be6 22.
Ng4 Bg5 23. Nge3 Qd7 24. a3 a5 25. Rf1 b5 26. f4 exf4 27. gxf4 Bf6 28. Qf3 Nh6
29. f5 Bf7 30. Ng4 Nxg4 31. Qxg4 Ne5 32. Qh3 d4 33. cxd4 cxd4 34. Be4 Rc8 35.
Rd2 h6 36. Rg2 Kh8 37. Rd2 Kg8 38. Rg2 Kh8 39. Re2 Bb3 40. Na1 Bd5 41. Bf4 Nf7 1/2-1/2

[Event "TCh-TUR 2011"]
[Site "Konya TUR"]
[Date "2011.07.06"]
[Round "10"]
[White "Sumer, Gun"]
[Black "Ciloglu, Dogu"]
[Result "1-0"]
[WhiteElo "1828"]
[BlackElo "1770"]
[WhiteTeam "Mersin Ezgi Satranc Kulubu"]
[BlackTeam "Manisa Doruk Koleji S.K."]
[WhiteFideId "6311784"]
[BlackFideId "6309607"]
[EventDate "2011.06.28"]

1. e4 c5 2. Nf3 Nc6 3. d4 cxd4 4. Nxd4 g6 5. c4 Bg7 6. Be3 Nf6 7. Nc3 O-O 8. Be2
b6 9. O-O Bb7 10. f3 Qb8 11. Qd2 Rd8 12. Rad1 d6 13. Rfe1 Rd7 14. Kh1 Qf8 15.
Nxc6 Bxc6 16. Bd4 Rad8 17. Bf1 e6 18. Qf2 Ne8 19. g3 d5 20. cxd5 exd5 21. Bh3 f5
22. exf5 gxf5 23. Qe3 Rf7 24. Qg5 Rd6 25. Ne2 Rg6 26. Qd2 Re6 27. Nf4 Rxe1+ 28.
Rxe1 Re7 1-0

[Event "TCh-TUR 2011"]
[Site "Konya TUR"]
[Date "2011.07.06"]
[Round "10"]
[White "Sevgi, Volkan"]
[Black "Ozcan, Kerem"]
[Result "1-0"]
[WhiteElo "1912"]
[BlackElo "1578"]
[WhiteTeam "Mersin Ezgi Satranc Kulubu"]
[BlackTeam "Manisa Doruk Koleji S.K."]
[WhiteFideId "6325335"]
[BlackFideId "6310486"]
[EventDate "2011.06.28"]

1. e4 c5 2. Nc3 Nc6 3. g3 g6 4. Bg2 Bg7 5. d3 d6 6. Nge2 e6 7. Be3 Nd4 8. Qd2
Ne7 9. Nd1 Nec6 10. c3 Nxe2 11. Qxe2 O-O 12. h4 Qd7 13. h5 b6 14. Qd2 d5 15. Bh6
Ba6 16. Bxg7 Kxg7 17. hxg6 fxg6 18. Qh6+ Kh8 19. f4 Bxd3 20. Nf2 Bb5 21. exd5
exd5 22. O-O-O Qg7 23. Qxg7+ Kxg7 24. Bxd5 Rad8 25. c4 Nb4 26. Rhe1 Nxd5 27.
cxd5 Bc4 28. d6 Rfe8 29. Rxe8 Rxe8 30. Ng4 Be6 31. Ne5 Rd8 32. b3 Kf6 33. d7 Bf5
34. g4 Be6 35. g5+ 1-0

[Event "TCh-TUR 2011"]
[Site "Konya TUR"]
[Date "2011.07.06"]
[Round "10"]
[White "Bal, Sevgican"]
[Black "Agun, Lutfiye Selva"]
[Result "1/2-1/2"]
[WhiteElo "1610"]
[BlackElo "1572"]
[WhiteTeam "Celikkol Turizm Pamukkale Universitesi S.K."]
[BlackTeam "Tarsus Zeka Satranc S.K."]
[WhiteFideId "6324894"]
[BlackFideId "6319149"]
[EventDate "2011.06.28"]

1. d4 Nf6 2. Nf3 e6 3. Bg5 d5 4. Nbd2 Be7 5. e3 c6 6. Bd3 O-O 7. O-O Nbd7 8. c3
h6 9. Bh4 Re8 10. Qc2 Qc7 1/2-1/2

[Event "TCh-TUR 2011"]
[Site "Konya TUR"]
[Date "2011.07.06"]
[Round "10"]
[White "Benzetsel, Ekim"]
[Black "Soysal, Serkan"]
[Result "1/2-1/2"]
[WhiteElo "1778"]
[BlackElo "1795"]
[WhiteTeam "Tarsus Zeka Satranc S.K."]
[BlackTeam "Celikkol Turizm Pamukkale Universitesi S.K."]
[WhiteFideId "6332749"]
[BlackFideId "6349250"]
[EventDate "2011.06.28"]

1. e4 e6 2. d4 d5 3. Nc3 Bb4 4. e5 c5 5. Bd2 Ne7 6. Nb5 Bxd2+ 7. Qxd2 O-O 8. f4
a6 9. Nd6 cxd4 10. Nf3 Nbc6 11. Bd3 f6 12. O-O 1/2-1/2

[Event "TCh-TUR 2011"]
[Site "Konya TUR"]
[Date "2011.07.06"]
[Round "10"]
[White "Odeev, Handszar"]
[Black "Paichadze, Luka"]
[Result "1/2-1/2"]
[WhiteTitle "GM"]
[BlackTitle "IM"]
[WhiteElo "2405"]
[BlackElo "2489"]
[WhiteTeam "Celikkol Turizm Pamukkale Universitesi S.K."]
[BlackTeam "Tarsus Zeka Satranc S.K."]
[WhiteFideId "14000091"]
[BlackFideId "13602934"]
[EventDate "2011.06.28"]

1. e4 c6 2. d4 d5 3. Nc3 dxe4 4. Nxe4 Bf5 5. Ng3 Bg6 6. h4 h6 7. Nf3 Nd7 8. h5
Bh7 9. Bd3 Bxd3 10. Qxd3 e6 11. Bd2 Qc7 12. O-O-O Ngf6 13. Ne4 O-O-O 14. Nxf6
Nxf6 1/2-1/2

[Event "TCh-TUR 2011"]
[Site "Konya TUR"]
[Date "2011.07.06"]
[Round "10"]
[White "Mchedlishvili, Mikheil"]
[Black "Galkin, Alexander"]
[Result "1/2-1/2"]
[WhiteTitle "GM"]
[BlackTitle "GM"]
[WhiteElo "2629"]
[BlackElo "2598"]
[WhiteTeam "Tarsus Zeka Satranc S.K."]
[BlackTeam "Celikkol Turizm Pamukkale Universitesi S.K."]
[WhiteFideId "13600966"]
[BlackFideId "4120426"]
[EventDate "2011.06.28"]

1. c4 e5 2. Nc3 d6 3. g3 g6 4. Bg2 Bg7 5. e3 c6 6. Nge2 Be6 7. d3 f5 8. O-O Nf6
9. b3 O-O 10. Qd2 Bf7 11. Bb2 Nbd7 12. h3 1/2-1/2

[Event "TCh-TUR 2011"]
[Site "Konya TUR"]
[Date "2011.07.06"]
[Round "10"]
[White "Ozgur, Emre"]
[Black "Ersoz, Bartu"]
[Result "0-1"]
[WhiteElo "1732"]
[BlackElo "1789"]
[WhiteTeam "Turk Hava Yollari S.K."]
[BlackTeam "Istanbul Teknik Universitesi S.K."]
[WhiteFideId "6322824"]
[BlackFideId "6324312"]
[EventDate "2011.06.28"]

1. e4 c5 2. c3 e6 3. Nf3 Nc6 4. d4 cxd4 5. cxd4 d5 6. exd5 Qxd5 7. Nc3 Bb4 8.
Be2 Nge7 9. O-O Qd8 10. Qb3 O-O 11. Rd1 Bd6 12. a3 Re8 13. Qa2 a6 14. Bg5 Qb6
15. b4 Bd7 16. d5 Nxd5 17. Nxd5 exd5 18. Qd2 Be6 19. Be3 Qd8 20. Nd4 Nxd4 21.
Bxd4 Rc8 22. Bf3 Bf5 23. Be3 Be5 24. Rac1 Rxc1 25. Qxc1 d4 26. Qd2 Qh4 27. g3
dxe3 28. Qxe3 Qe7 29. Re1 Bf6 30. Qxe7 Rxe7 31. Rxe7 Bd3 32. Bxb7 Bb5 33. a4
Bxa4 34. Kg2 Bxe7 35. Bxa6 Bxb4 36. Bb7 Kf8 37. f4 Ke7 38. Be4 h6 39. Kf3 Bd1+
40. Ke3 Bc5+ 41. Kd2 Bb3 42. g4 Be6 43. f5 Bd7 44. Ke2 Bd6 45. h3 Kf6 46. Kf3
Ke5 47. Bb7 Bb5 48. Kg2 Bc4 49. Bc8 Kf4 50. Bb7 Bd3 51. Kg1 Kg3 52. Bg2 Be2 53.
Kh1 Bf3 0-1

[Event "TCh-TUR 2011"]
[Site "Konya TUR"]
[Date "2011.07.06"]
[Round "10"]
[White "Genc, Cihan Sevinc"]
[Black "Erdogan, Hakan"]
[Result "1-0"]
[BlackTitle "FM"]
[WhiteElo "2213"]
[BlackElo "2235"]
[WhiteTeam "Turk Hava Yollari S.K."]
[BlackTeam "Istanbul Teknik Universitesi S.K."]
[WhiteFideId "6304370"]
[BlackFideId "6300359"]
[EventDate "2011.06.28"]

1. d4 Nf6 2. Nf3 e6 3. c4 c5 4. d5 exd5 5. cxd5 d6 6. Nc3 g6 7. e4 Bg7 8. Be2
O-O 9. O-O Re8 10. Qc2 Na6 11. Nd2 Nc7 12. a4 Nfxd5 13. exd5 Bxc3 14. bxc3 Rxe2
15. c4 Qe7 16. Bb2 Bg4 17. h3 Bf5 18. Qc3 Qe5 19. Qb3 Qf4 20. Qc3 Qd4 21. Rad1
Qxc3 22. Bxc3 Bc2 23. Ra1 Na6 24. Ra2 Bd3 25. Rb2 Nb4 26. a5 b6 27. Ra1 bxa5 28.
Rxa5 a6 29. Ra3 Bf5 30. Nb3 Rxb2 31. Bxb2 Bd3 32. Na5 Re8 33. Bc3 Be2 34. Rb3
Rb8 35. Bf6 Re8 36. Bc3 Rb8 37. Bf6 Re8 38. Bc3 Bd3 39. Ra3 Be2 40. Rb3 Rb8 41.
Bf6 Re8 42. Bc3 Rb8 43. Bf6 Re8 44. Bc3 Rc8 45. Bf6 Bd3 46. Be7 Bc2 47. Rc3 Ba4
48. Bxd6 Nc2 49. Nb7 Nd4 50. Ra3 Bb3 51. Na5 Bc2 52. Kh2 Nf5 53. Be5 Re8 54. Nc6
Ne7 55. Nxe7+ Rxe7 56. Bf6 Ra7 57. Ra5 Bf5 58. g4 Bd7 59. Kg3 Kf8 60. Kf4 Ra8
61. Ke5 Rb8 62. Rxa6 Rb2 63. Ra8+ Be8 64. d6 1-0

[Event "TCh-TUR 2011"]
[Site "Konya TUR"]
[Date "2011.07.06"]
[Round "10"]
[White "Yolal, Sena Gokcen"]
[Black "Gundogan, Sinem Cagla"]
[Result "1-0"]
[WhiteElo "1653"]
[BlackElo "1433"]
[WhiteTeam "Istanbul Teknik Universitesi S.K."]
[BlackTeam "Turk Hava Yollari S.K."]
[WhiteFideId "6337031"]
[BlackFideId "6325378"]
[EventDate "2011.06.28"]

1. e4 e5 2. Nf3 Nc6 3. Bc4 Bc5 4. b4 Bxb4 5. c3 Bc5 6. d4 exd4 7. O-O Nf6 8.
cxd4 Bb4 9. Qb3 Qe7 10. e5 d5 11. Bb5 Nd7 12. Qxd5 Nd8 13. Qe4 c6 14. Bd3 Nb6
15. Bg5 Qc7 16. Bh4 Ne6 17. Nbd2 Nd5 18. Nc4 Nc3 19. Qe3 O-O 20. a3 Be7 21.
Bxh7+ Kxh7 22. Qxc3 Bxh4 23. Nxh4 Nf4 24. Qc2+ Kg8 25. Qe4 Nd5 26. Ne3 Nc3 27.
Qd3 Nd5 28. Rac1 Qd8 29. Nhf5 Nf4 30. Qd2 Qg5 31. Ng3 Nd5 32. Qe2 Qh4 33. Nxd5
cxd5 34. Qe3 f5 35. exf6 Rxf6 36. Qe8+ Rf8 37. Qe5 Kh8 38. Rc7 Qf6 39. Qh5+ Qh6
40. Qxd5 Qb6 41. Rfc1 Be6 42. Qe5 Bf7 43. Nf5 Qg6 44. R7c3 Bg8 45. Rg3 Qf7 46.
Rc7 Rac8 47. Rxg7 1-0

[Event "TCh-TUR 2011"]
[Site "Konya TUR"]
[Date "2011.07.06"]
[Round "10"]
[White "Gagunashvili, Merab"]
[Black "Inarkiev, Ernesto"]
[Result "1/2-1/2"]
[WhiteTitle "GM"]
[BlackTitle "GM"]
[WhiteElo "2603"]
[BlackElo "2679"]
[WhiteTeam "Turk Hava Yollari S.K."]
[BlackTeam "Istanbul Teknik Universitesi S.K."]
[WhiteFideId "13601652"]
[BlackFideId "4162722"]
[EventDate "2011.06.28"]

1. d4 Nf6 2. g3 d5 3. Nf3 c6 4. Bg2 Bf5 5. O-O e6 6. b3 Bd6 7. c4 O-O 8. Nc3
Nbd7 9. Bb2 h6 10. e3 Qe7 11. Qe2 Rfe8 12. Rfd1 Bg4 13. h3 Bh5 14. e4 dxe4 15.
Nxe4 Nxe4 16. Qxe4 Nf6 17. Qe3 Bxf3 18. Bxf3 Ba3 19. Bc3 Bb4 20. Bb2 Ba3 21. Bc3
Bb4 22. Bb2 Ba3 1/2-1/2

[Event "TCh-TUR 2011"]
[Site "Konya TUR"]
[Date "2011.07.06"]
[Round "10"]
[White "Yargici, Mazhar Kutay"]
[Black "Sanal, Vahap"]
[Result "0-1"]
[BlackTitle "CM"]
[WhiteElo "1926"]
[BlackElo "2210"]
[WhiteTeam "Turk Hava Yollari S.K."]
[BlackTeam "Istanbul Teknik Universitesi S.K."]
[WhiteFideId "6310400"]
[BlackFideId "6300545"]
[EventDate "2011.06.28"]

1. d4 Nf6 2. c4 g6 3. Nc3 Bg7 4. e4 d6 5. f3 a6 6. Be3 c6 7. Qd2 b5 8. O-O-O O-O
9. g4 bxc4 10. Nge2 Nbd7 11. Kb1 e5 12. d5 cxd5 13. Nxd5 Bb7 14. Nec3 Rc8 15.
Bg5 Bxd5 16. Nxd5 h6 17. Bxf6 Nxf6 18. Ne3 d5 19. Nxd5 Nxd5 20. Qxd5 Qb6 21. Qd2
c3 22. Qc2 cxb2 23. Qb3 Rc1+ 24. Rxc1 bxc1=Q+ 25. Kxc1 Rc8+ 26. Kb1 Qd6 27. a4
Rb8 28. Bb5 axb5 29. axb5 Qc5 30. Rc1 Rxb5 31. Rxc5 Rxb3+ 0-1

[Event "TCh-TUR 2011"]
[Site "Konya TUR"]
[Date "2011.07.06"]
[Round "10"]
[White "Kinsiz, Onur"]
[Black "Yaramis, Hakan"]
[Result "1-0"]
[WhiteElo "2184"]
[BlackElo "2094"]
[WhiteTeam "Istanbul Teknik Universitesi S.K."]
[BlackTeam "Turk Hava Yollari S.K."]
[WhiteFideId "6301517"]
[BlackFideId "6304613"]
[EventDate "2011.06.28"]

1. e4 e5 2. Nf3 Nf6 3. d4 Nxe4 4. Bd3 d5 5. Nxe5 Bd6 6. O-O O-O 7. c4 Bxe5 8.
dxe5 Be6 9. cxd5 Qxd5 10. Qc2 f5 11. exf6 Nxf6 12. Nc3 Qh5 13. Bf4 Nc6 14. Qa4
Rad8 15. Rad1 Qf7 16. Bg3 Kh8 17. Bb5 Rxd1 18. Rxd1 Ng4 19. Ne4 Bxa2 20. Ng5 Qf5
21. Bxc6 bxc6 22. Qxa2 Qxg5 23. Qxa7 Rd8 24. Qa4 h5 25. h3 Rxd1+ 26. Qxd1 Nf6
27. Bxc7 Nd5 28. Bg3 Qf5 29. Qe2 Qg6 30. Be5 Kh7 31. Kh2 Qf5 32. f3 g6 33. g4
hxg4 34. hxg4 Qe6 35. Qe4 Nf6 36. Qd4 Nd5 37. Kg3 Ne7 38. Qd6 Qxd6 39. Bxd6 Nd5
40. Kh4 Kg7 41. Kg5 Kf7 42. Be5 Ne7 43. f4 Ke6 44. Bd4 Nd5 45. Bc5 Kf7 46. f5
gxf5 47. Kxf5 Nf6 48. g5 Nd7 49. g6+ Kg8 50. Bd6 Nb6 51. Be5 c5 52. Ke6 Kf8 53.
Kd6 Nc4+ 1-0

[Event "TCh-TUR 2011"]
[Site "Konya TUR"]
[Date "2011.07.06"]
[Round "10"]
[White "Yilmaz, Mustafa"]
[Black "Erbis, Baris"]
[Result "1-0"]
[WhiteTitle "IM"]
[WhiteElo "2489"]
[BlackElo "1933"]
[WhiteTeam "Istanbul Teknik Universitesi S.K."]
[BlackTeam "Turk Hava Yollari S.K."]
[WhiteFideId "6302718"]
[BlackFideId "6305202"]
[EventDate "2011.06.28"]

1. e4 d6 2. d4 Nf6 3. Nc3 g6 4. Bg5 Bg7 5. Qd2 h6 6. Bh4 g5 7. Bg3 Nh5 8. O-O-O
Nd7 9. e5 Nxg3 10. hxg3 Nb6 11. Qe3 Bf5 12. f4 e6 13. Nf3 Bg4 14. Be2 Bxf3 15.
Qxf3 d5 16. f5 Qd7 17. fxe6 Qxe6 18. Bd3 c6 19. Rde1 O-O 20. Ref1 f6 21. Bf5 Qe8
22. e6 Nc8 23. Re1 Ne7 24. g4 Nxf5 25. gxf5 Qe7 26. Rh5 Kh7 27. Nd1 Qb4 28. c3
Qa4 29. Reh1 Rh8 30. Rxh6+ Bxh6 31. Qh5 1-0

[Event "TCh-TUR 2011"]
[Site "Konya TUR"]
[Date "2011.07.06"]
[Round "10"]
[White "Ipatov, Alexander ESP"]
[Black "Kilicaslan, Hasan"]
[Result "1-0"]
[WhiteTitle "IM"]
[BlackTitle "IM"]
[WhiteElo "2536"]
[BlackElo "2250"]
[WhiteTeam "Istanbul Teknik Universitesi S.K."]
[BlackTeam "Turk Hava Yollari S.K."]
[WhiteFideId "14116731"]
[BlackFideId "6300391"]
[EventDate "2011.06.28"]

1. d4 Nf6 2. c4 g6 3. Nc3 Bg7 4. e4 d6 5. Nf3 O-O 6. h3 Nbd7 7. Bg5 h6 8. Be3 e5
9. d5 Nc5 10. Nd2 a5 11. Be2 Bd7 12. O-O Nh7 13. Nb3 b6 14. Nxc5 bxc5 15. a4 f5
16. exf5 gxf5 17. f4 Rb8 18. Qd2 exf4 19. Bxf4 Rb4 20. Bxh6 Bxh6 21. Qxh6 Rxb2
22. Qc1 Rb4 23. Ra3 Qf6 24. Nb5 Bxb5 25. axb5 Kh8 26. Rxa5 Rg8 27. Ra2 Rb3 28.
Qa1 Rc3 29. Rf3 Qd4+ 30. Kf1 Rxf3+ 31. Bxf3 Qxa1+ 32. Rxa1 Nf6 33. Ra7 Rg7 34.
Kf2 Kh7 35. Ke3 Kg6 36. Kf4 Ne8 37. h4 Rf7 38. b6 1-0

[Event "TCh-TUR 2011"]
[Site "Konya TUR"]
[Date "2011.07.06"]
[Round "10"]
[White "Ozturk, Hilal"]
[Black "Yaka, Beyza"]
[Result "1-0"]
[WhiteElo "1765"]
[BlackElo "1525"]
[WhiteTeam "Istanbul Teknik Universitesi S.K."]
[BlackTeam "Turk Hava Yollari S.K."]
[WhiteFideId "6315330"]
[BlackFideId "6303641"]
[EventDate "2011.06.28"]

1. e4 e5 2. Nf3 d6 3. d4 exd4 4. Nxd4 Nf6 5. Nc3 Be7 6. Be2 O-O 7. O-O Re8 8. f4
Bf8 9. Bf3 c5 10. Nf5 g6 11. Ng3 Nc6 12. Kh1 Nd4 13. f5 Bg7 14. Bg5 h6 15. Bxf6
Bxf6 16. Nd5 Kh7 17. c3 Nc6 18. Be2 Bg7 19. Qc2 Ne5 20. Rf2 Rf8 21. Rd1 Bd7 22.
Nf4 Qb6 23. Bf1 Ng4 24. Rfd2 Ne3 25. Nd5 Nxc2 26. Nxb6 axb6 27. Rxc2 Rxa2 28.
Rxd6 Bc6 29. f6 Bh8 30. h3 Re8 31. Bc4 Ra1+ 32. Kh2 Kg8 33. Re2 b5 34. Bb3 c4
35. Bc2 Raa8 36. e5 Rad8 37. Rd4 Kf8 38. Ne4 Bd5 39. Ng3 Bc6 40. Kg1 Rc8 41. Kf2
b4 42. Rh4 bxc3 43. bxc3 h5 44. Rxc4 Bb5 45. Rxc8 Rxc8 46. Re3 Rd8 47. Nf1 Ke8
48. Bb3 Rc8 49. Nd2 Bd7 50. Ne4 1-0

[Event "TCh-TUR 2011"]
[Site "Konya TUR"]
[Date "2011.07.06"]
[Round "10"]
[White "Solak, Dragan"]
[Black "Miroshnichenko, Evgenij"]
[Result "1/2-1/2"]
[WhiteTitle "GM"]
[BlackTitle "GM"]
[WhiteElo "2588"]
[BlackElo "2651"]
[WhiteTeam "Besiktas Jimnastik Kulubu"]
[BlackTeam "Adana Truva Satranc S.K."]
[WhiteFideId "916811"]
[BlackFideId "14102595"]
[EventDate "2011.06.28"]

1. e4 e5 2. Nf3 Nc6 3. Bb5 Nf6 4. d3 d6 5. O-O Bd7 6. d4 Nxd4 7. Nxd4 exd4 8.
Bxd7+ Qxd7 9. Qxd4 Be7 10. c4 O-O 11. Nc3 Rfe8 12. b3 Bf8 13. Bb2 c6 14. f3 Qc7
15. Kh1 a6 16. Rad1 Rad8 17. Ne2 d5 18. cxd5 Nxd5 19. Qf2 1/2-1/2